The economic impact of the patient system : A study of the British experience
Gardado en:
| Autor Principal: | |
|---|---|
| Formato: | Libro |
| Idioma: | Undetermined |
| Publicado: |
Cambridge
Cambrige University Press
1973
|
| Những chủ đề: | |
| Các nhãn: |
Engadir etiqueta
Sen Etiquetas, Sexa o primeiro en etiquetar este rexistro!
|
| Thư viện lưu trữ: | Trung tâm Học liệu Trường Đại học Cần Thơ |
|---|
| LEADER | 00556nam a2200193Ia 4500 | ||
|---|---|---|---|
| 001 | CTU_78137 | ||
| 008 | 210402s9999 xx 000 0 und d | ||
| 082 | |a 608.7 | ||
| 082 | |b T238 | ||
| 100 | |a Taylor, C. T. | ||
| 245 | 4 | |a The economic impact of the patient system : | |
| 245 | 2 | |b A study of the British experience | |
| 245 | 0 | |c C. T. Taylor, Z. A. Silberston | |
| 260 | |a Cambridge | ||
| 260 | |b Cambrige University Press | ||
| 260 | |c 1973 | ||
| 650 | |a Patens | ||
| 650 | |z Great Britain | ||
| 980 | |a Trung tâm Học liệu Trường Đại học Cần Thơ | ||